Supercontinents - Statistics

General Stats
  • This quiz has been taken 14 times
  • The average score is 4 of 7
Answer Stats
Hint Answer % Correct
~335 - 175 Million years ago Pangaea
100%
~1.8-1.5 Billion years ago Columbia/Nuna
78%
~3 Billion years ago Ur
67%
~2.7-2.1 Billion years ago Kenorland
56%
~1.1 Billion - 750 Million years ago Rodinia
56%
~3.6 Billion years ago Vaalbara
56%
~600 Million years ago Pannotia
33%
No matching quizzes found
Score Distribution
Percent of People with Each Score
Percentile by Number Answered
Your Score History
You have not taken this quiz